000
00303nam a2200133Ia 4500
003
OSt
005
20240406121254.0
008
170524s9999 xx 000 0 und d
020
_a
978-0136419457
040
_c
IIMT UNIVERSITY
100
_a
ROBBINS- SP.
245
0
_a
ORGANIZATION THEORY
942
_2
ddc
_c
02
999
_c
4124
_d
4124